| 000 | 00581nam a2200205 a 4500 | ||
|---|---|---|---|
| 003 | PILC | ||
| 005 | 20150112093440.0 | ||
| 008 | 100717s19uu xx 00 eng d | ||
| 020 | _a1858051576 | ||
| 050 |
_aQA 37 _b.F818 1998 |
||
| 082 |
_aMSF 519.502 _bF84 1998 |
||
| 100 |
_aFrancis, A. _918344 |
||
| 245 |
_aBusiness mathematics and statistics / _cA Francis |
||
| 250 | _a5th ed. | ||
| 260 |
_aAldine Place, London : _bLetts Educational, _c1998. |
||
| 300 |
_a659 pages : _c25 cm. |
||
| 650 |
_aCommercial statistics _915016 |
||
| 650 |
_aStatistics _91628 |
||
| 942 |
_2lcc _cBK |
||
| 999 |
_c14719 _d14719 |
||